Výpočtová technika na vysokých ekonomických školách v USA.

Zdroje na zabezpečenie vybavenia počítačmi na univerzitách a školách v USA. Vybavovanie škôl v r. 1960-1986. Rozdiely vo vybavení a organizácii výpočtových stredísk. Inštalované mikropočítače a podiel jednotlivých výrobcov. Typy lokálnych sietí a ich použitie. Použitie programového vybavenia. Použit...

ver descrição completa

Na minha lista:
Detalhes bibliográficos
Autor principal: Zelinka, J.
Formato: Capítulo de Livro
Idioma:tcheco
Assuntos:
Tags: Adicionar Tag
Sem tags, seja o primeiro a adicionar uma tag!

MARC

LEADER 00000naa a2200000 4500
001 r003794
005 20230113115913.2
041 0 |a cze 
044 |a [CS] 
245 1 0 |a Výpočtová technika na vysokých ekonomických školách v USA.  |c J. Zelinka 
520 |a Zdroje na zabezpečenie vybavenia počítačmi na univerzitách a školách v USA. Vybavovanie škôl v r. 1960-1986. Rozdiely vo vybavení a organizácii výpočtových stredísk. Inštalované mikropočítače a podiel jednotlivých výrobcov. Typy lokálnych sietí a ich použitie. Použitie programového vybavenia. Použitie počítačov vo výučbe. 
610 2 0 |a technika výpočtová 
610 2 0 |a školy vysoké 
610 2 0 |a USA 
610 2 0 |a 1960-1986 
610 2 0 |a vybavenosť technická 
610 2 0 |a strediská výpočtové 
610 2 0 |a mikropočítače 
610 2 0 |a využitie počítačov 
610 2 0 |a vyučovanie 
100 1 |a Zelinka, J.